Purple Birds - Statistics

General Stats
  • This quiz has been taken 8 times
  • The average score is 6 of 10
Answer Stats
Answer Hint % Correct
Purple Purple Gallinule 1
100%
Purple Purple Finch 1
86%
Purple Purple Martin 1
86%
Violet Violet-green Swallow 1
86%
Lilac Lilac-crowned Parrot 2*
57%
Violet Mexican Violetear 3
57%
Violet Violet-crowned Hummingbird 2
57%
Purple Purple Sandpiper 1
43%
Amethyst Amethyst-throated Mountain-gem 5
29%
Lavender Lavender Waxbill 2*
29%
No matching quizzes found
Score Distribution
Percent of People with Each Score
Percentile by Number Answered
Your Score History
You have not taken this quiz